000 00741cab a2200253 4500
001 WB2746-44
008 090401t1991 xxu||||| |||| 00| 0 eng d
035 _a(Sirsi) u50574
041 _aeng
245 _aThameslink 2000
260 _c1991
350 _a0
490 _aDaily Telegraph
_v28 November 1991, 4(1)
520 _aThe Treasury has blocked British Rail plans for a link across London to allow through trains from Cambridgeshire to the south coast and to ease commuter congestion.
650 _aBRITISH RAIL
650 _aCONGESTION
650 _aCROSSRAIL
650 _aLONDON
650 _aRAILWAYS
650 _aTHAMESLINK 2000
690 _aTRANSPORT AND COMMUNICATIONS
942 _n0
948 _c04/03/1997
999 _c31560
_d31560